000 00930nam a2200313 4500
001 1089149
005 20150513115604.0
007 000
008 000
010 _a 91020015
020 _a0131616056 :
_c$36.95
035 _a(OCoLC)23972782
035 _a(OCoLC)ocm23972782
035 _a(NNC)1089149
040 _aOUEL
_cDLC
050 0 0 _aQA166
_b.B47 1991
082 0 0 _a511/.5/0285
_220
100 1 _aBharath, Ramachandran.
245 1 0 _aComputers and graph theory :
_brepresenting knowledge for processing by computers /
_cRamachandran Bharath.
260 _aNew York :
_bE. Horwood,
_c1991.
263 _a9107
300 _a136 p. :
_bill. ;
_c24 cm.
490 1 _aEllis Horwood series in computers and their applications
504 _aIncludes bibliographical references and index.
650 0 _aGraph theory
_xMathematics
830 0 _aComputers and their applications.
942 _2lcc
_cLL
999 _c7373
_d7373